Flags of countries that bordered Polish Lithuanian Commonwealth - Statistics

General Stats
  • This quiz has been taken 25 times
  • The average score is 4 of 5
Answer Stats
Picture Answer % Correct
Austria
95%
Holy Roman Empire
95%
Ottoman Empire
95%
Russia
75%
Swedish Empire
60%
No matching quizzes found
Score Distribution
Percent of People with Each Score
Percentile by Number Answered
Your Score History
You have not taken this quiz